000
00274nam a2200097Ia 4500
082
_a
920|LUCE
245
0
_a
Back in from the anger
100
_a
Lucey, Roger Auckland Park, South Africa, 2012
_9
34102
942
_c
BK
008
210817s9999 xx 000 0 und d
999
_c
217578
_d
217575